LEADER 02711nam 2200601Ia 450 001 9910454398003321 005 20200520144314.0 010 $a92-9173-788-7 035 $a(CKB)1000000000747994 035 $a(EBL)435690 035 $a(OCoLC)732955739 035 $a(SSID)ssj0000336671 035 $a(PQKBManifestationID)11260801 035 $a(PQKBTitleCode)TC0000336671 035 $a(PQKBWorkID)10281920 035 $a(PQKB)10753406 035 $a(MiAaPQ)EBC435690 035 $a(Au-PeEL)EBL435690 035 $a(CaPaEBR)ebr10306282 035 $a(EXLCZ)991000000000747994 100 $a20080122d2006 uy 0 101 0 $aeng 135 $aur|n|---||||| 181 $ctxt 182 $cc 183 $acr 200 04$aThe development of programme strategies for integration of HIV, food and nutrition activities in refugee settings$b[electronic resource] /$f[prepared by Ellen Mathys Kirkcaldy ... et al.] 210 $aGeneva $cUNAIDS $cUNHCR $cWorld Food Programme$d2006 215 $a1 online resource (37 p.) 225 1 $aUNAIDS best practice collection 300 $a"UNAIDS/06.12E". 311 $a92-9173-515-9 320 $aIncludes bibliographical references (p. 33-34). 327 $aCover; Copyright; Title; Acknowledgements; Table of contents; Executive Summary; Introduction; Findings of the interagency initiative; References 330 $aIn 2003, UNHCR, WFP and UNICEF launched a joint effort to develop, through multi-site field research in refugee communities in Africa, a set of strategies for using food and nutrition-based interventions to support HIV transmission prevention, impact mitigation, and care, treatment and support for people living with HIV. This important collaborative initiative grew out of the recognition that refugee settings are unique. It was recognized also that specific research is required to be conducted among and with refugees. This Best Practice document discusses the research process and findings of t 410 0$aUNAIDS best practice collection. 606 $aFood relief 606 $aNutrition 608 $aElectronic books. 615 0$aFood relief. 615 0$aNutrition. 676 $a616.00835 701 $aKirkcaldy$b Ellen Mathys$0863005 712 02$aJoint United Nations Programme on HIV/AIDS. 712 02$aOffice of the United Nations High Commissioner for Refugees. 712 02$aWorld Food Programme. 801 0$bMiAaPQ 801 1$bMiAaPQ 801 2$bMiAaPQ 906 $aBOOK 912 $a9910454398003321 996 $aThe development of programme strategies for integration of HIV, food and nutrition activities in refugee settings$91926491 997 $aUNINA LEADER 07639nam 2201801 a 450 001 9910781489303321 005 20200520144314.0 010 $a1-283-16383-7 010 $a9786613163837 010 $a1-4008-3996-3 024 7 $a10.1515/9781400839964 035 $a(CKB)2550000000040103 035 $a(EBL)729957 035 $a(OCoLC)744588454 035 $a(SSID)ssj0000526383 035 $a(PQKBManifestationID)11347412 035 $a(PQKBTitleCode)TC0000526383 035 $a(PQKBWorkID)10520616 035 $a(PQKB)11535881 035 $a(StDuBDS)EDZ0000406826 035 $a(MdBmJHUP)muse43413 035 $a(DE-B1597)453784 035 $a(OCoLC)979910884 035 $a(DE-B1597)9781400839964 035 $a(Au-PeEL)EBL729957 035 $a(CaPaEBR)ebr10481992 035 $a(CaONFJC)MIL316383 035 $a(MiAaPQ)EBC729957 035 $a(EXLCZ)992550000000040103 100 $a20101001d2011 uy 0 101 0 $aeng 135 $aur|n|---||||| 181 $ctxt 182 $cc 183 $acr 200 10$aUprooted$b[electronic resource] $ehow Breslau became Wroc?aw during the century of expulsions /$fGregor Thum ; translated from the German by Tom Lampert and Allison Brown ; translation of Polish sources by W. Martin and Jasper Tilbury 205 $aCore Textbook 210 $aPrinceton $cPrinceton University Press$dc2011 215 $a1 online resource (544 p.) 300 $aDescription based upon print version of record. 311 $a0-691-14024-3 311 $a0-691-15291-8 320 $aIncludes bibliographical references and index. 327 $aA note on names -- Prologue: A dual tragedy -- The destruction of Breslau -- Poland's shift to the west -- pt. 1. The postwar era : rupture and survival -- Takeover -- Moving people -- A loss of substance -- Reconstruction -- pt. 2. The politics of the past : the city's transformation -- The impermanence syndrome -- Propaganda as necessity -- Mythicizing history -- Cleansing memory -- The pillars of an imagined tradition -- Old town, new contexts -- pt. 3. Prospects -- Amputated memory and the turning point of 1989 -- Appendix 1: List of abbrevations -- Appendix 2: Translations of Polish institutions -- Appendix 3: List of Polish and German street names. 330 $aWith the stroke of a pen at the Potsdam Conference following the Allied victory in 1945, Breslau, the largest German city east of Berlin, became the Polish city of Wroclaw. Its more than six hundred thousand inhabitants--almost all of them ethnic Germans--were expelled and replaced by Polish settlers from all parts of prewar Poland. Uprooted examines the long-term psychological and cultural consequences of forced migration in twentieth-century Europe through the experiences of Wroclaw's Polish inhabitants. In this pioneering work, Gregor Thum tells the story of how the city's new Polish settlers found themselves in a place that was not only unfamiliar to them but outright repellent given Wroclaw's Prussian-German appearance and the enormous scope of wartime destruction. The immediate consequences were an unstable society, an extremely high crime rate, rapid dilapidation of the building stock, and economic stagnation. This changed only after the city's authorities and a new intellectual elite provided Wroclaw with a Polish founding myth and reshaped the city's appearance to fit the postwar legend that it was an age-old Polish city. Thum also shows how the end of the Cold War and Poland's democratization triggered a public debate about Wroclaw's "amputated memory." Rediscovering the German past, Wroclaw's Poles reinvented their city for the second time since World War II. Uprooted traces the complex historical process by which Wroclaw's new inhabitants revitalized their city and made it their own. 606 $aWorld War, 1939-1945$xInfluence 606 $aWorld War, 1939-1945$xDeportations from Poland 606 $aForced migration$zPoland$zWroc?aw$xHistory$y20th century 606 $aSocial change$zPoland$zWroc?aw$xHistory$y20th century 606 $aCity and town life$zPoland$zWroc?aw$xHistory$y20th century 606 $aCollective memory$zPoland$zWroc?aw$xHistory$y20th century 607 $aWroc?aw (Poland)$xHistory$y20th century 607 $aOder-Neisse Line (Germany and Poland) 607 $aWroc?aw (Poland)$xSocial conditions$y20th century 610 $a1940s. 610 $aAllied powers. 610 $aAllied victory. 610 $aAllies. 610 $aBreslau. 610 $aCentral Europe. 610 $aEastern Europe. 610 $aEurope. 610 $aGdansk. 610 $aGeneral Conservator. 610 $aGerman occupation. 610 $aGerman territories. 610 $aGerman territory. 610 $aGermans. 610 $aGerman?olish border. 610 $aGnienzo. 610 $aJan Zachwatowicz. 610 $aJoanna Konopinka. 610 $aKarol Maleczynski. 610 $aKrakow. 610 $aLondon Foreign Office. 610 $aPoland. 610 $aPoles. 610 $aPolish leaders. 610 $aPolish names. 610 $aPolish national cult. 610 $aPolish people. 610 $aPolish residents. 610 $aPolish settlers. 610 $aPolish state. 610 $aPolish takeover. 610 $aPolonization. 610 $aPotsdam Conference. 610 $aPoznan. 610 $aSecond World War. 610 $aSoviet Union. 610 $aSoviet dismantling. 610 $aSzczecin. 610 $aWarsaw. 610 $aWashington State Department. 610 $aWrocalw. 610 $aWroclaw. 610 $aage-old Polish. 610 $aarchival materials. 610 $abetter future. 610 $acommunist government. 610 $acultural life. 610 $adiscrimination. 610 $aethnic Germans. 610 $aethnic minorities. 610 $aforced migration. 610 $aforced migrations. 610 $aforeignness. 610 $ahistorians. 610 $ahistoric preservation. 610 $ahistorical names. 610 $ahomogenous nation. 610 $aintegration. 610 $alocal history. 610 $amass migrations. 610 $amodern society. 610 $anational border. 610 $anonintervention. 610 $apatriotic appeals. 610 $apolitical map. 610 $apolitical power. 610 $apopulation exchange. 610 $apostwar Poland. 610 $apostwar challenges. 610 $apostwar history. 610 $areconstruction. 610 $arenaming operation. 610 $aself-reassurance. 610 $asettlement boundaries. 610 $asettlers. 610 $atradition. 610 $atransportation connections. 610 $awar. 610 $awartime destruction. 610 $awestern territories. 615 0$aWorld War, 1939-1945$xInfluence. 615 0$aWorld War, 1939-1945$xDeportations from Poland. 615 0$aForced migration$xHistory 615 0$aSocial change$xHistory 615 0$aCity and town life$xHistory 615 0$aCollective memory$xHistory 676 $a943.8/52 700 $aThum$b Gregor$f1967-$01540434 701 $aLampert$b Tom$0176493 701 $aBrown$b Allison$01540435 701 $aMartin$b W$0383550 701 $aTilbury$b Jasper$0855883 801 0$bMiAaPQ 801 1$bMiAaPQ 801 2$bMiAaPQ 906 $aBOOK 912 $a9910781489303321 996 $aUprooted$93792088 997 $aUNINA LEADER 01769nam 2200433z- 450 001 9910346938803321 005 20210211 010 $a1000006959 035 $a(CKB)4920000000101134 035 $a(oapen)https://directory.doabooks.org/handle/20.500.12854/43430 035 $a(oapen)doab43430 035 $a(EXLCZ)994920000000101134 100 $a20202102d2007 |y 0 101 0 $ager 135 $aurmn|---annan 181 $ctxt$2rdacontent 182 $cc$2rdamedia 183 $acr$2rdacarrier 200 00$aCO2-Emissionszertifikate - Preismodellierung und Derivatebewertung 210 $cKIT Scientific Publishing$d2007 215 $a1 online resource (XII, 201 p. p.) 311 08$a3-86644-169-X 330 $aEU-Unternehmen mu?ssen seit 2005 entsprechend ihrem CO2-Ausstoß genu?gend Emissionszertifikate einreichen. Da die Zertifikate frei handelbar sind, stellt sich ihnen CO2 als ein zusa?tzlicher Produktionsfaktor mit unsicherem Preis dar. Derivative Finanzinstrumente helfen beim Management der damit verbundenen Risiken. Die Arbeit analysiert und beantwortet grundlegende Fragestellungen zur Modellierung und Bewertung solcher Finanzinstrumente im Emissionshandel. 610 $aBewertung 610 $aContingent Valuation 610 $aDerivate 610 $aDerivateCO2 emission certificates 610 $aderivatives 610 $aHandelCO2-Emissionszertifikate 610 $aKohlendioxidemission 610 $aModellierung 610 $aPreismodellierung 610 $aprice modelling 610 $avaluation 700 $aWagner$b Michael W$4auth$01307603 906 $aBOOK 912 $a9910346938803321 996 $aCO2-Emissionszertifikate - Preismodellierung und Derivatebewertung$93028842 997 $aUNINA